Регионална библиотека "Любен Каравелов" - Русе

Развитие на научния социализъм (Запис номер 135424)

MARC детайли
000 -Лидер
Контролно поле с фиксирана дължина nam a22 a 4500
003 - Код на организацията, давaща контролен номер
Контролно поле BLK
005 - Дата и час на последна редакция
Контролно поле 20211026135702.0
008 - Елементи от данни с фиксирана дължина
fixed length control field 180409b bul|||||r ||||||| ||bul||
010 ## - Наследен системен номер
LC control number KNG00141350000
040 ## - Източник на каталожния запис
Идентификатор на билиотеката - собственик на записа BLK
041 ## - Код за език
Код за езика на текст/звукозапис или на отделно заглавие Български
Код за езика КДБФ Български
072 #7 - Код за тематичната категория
Код организация bullib
Код за тематична категория Ц
Текст Редки и ценни
080 ## - УДК
Текстов определител УДК Марксизъм-ленинизъм. Научен комунизъм
УДК код - определител по УДК 141.82
УДК - код + определител 141.82
080 ## - УДК
Текстов определител УДК Социалистическо и комунистическо общество - като социална система. Безкласови общества
УДК код - определител по УДК 316.323.7
УДК - код + определител 316.323.7
080 ## - УДК
Текстов определител УДК Марксистко-ленинско икономическо учение. Вж и 141.8
УДК код - определител по УДК 330.85
УДК - код + определител 330.85
100 1# - Редна дума - Автор
Автор Енгелс, Фридрих
Авторска отговорност първи автор
R(LIN) 374147
139 ## - Редно поле
Редна дума Енгелс, Фридрих
Авторски знак Енг - Е 62
245 10 - Сведения за заглавието
Заглавие Развитие на научния социализъм
Редно поле (дума) Фридрих Енгелс; прев. и предг. Дружелюбов;
257 ## - Страна на издаване
Страна на създаване/издаване Германия
260 ## - Област на издателските данни
Година на издаване 1890
Печатница Габрово : Дружба
Място на издаване, разпространение и проч. Габрово
300 ## - Физическа характеристика
Страници ХIII, 62 с.
Размери/Мащаб 19 см
380 ## - Жанр
Жанр Философия
490 ## - СЕРИИ (Колекции)
9 (RLIN) 435080
Име на серия Колекция Редки и ценни издания
500 ## - Общи забележки
Забележка Дружелюбов - псевд. на прев. Евтим Дабев. - Екз. от кн. с инв. №13129-а е подв. с 8 кн.
500 ## - Общи забележки
Забележка Екз. от кн. с инв. №112063 е подв. с 6 кн.
505 ## - Форматирана забележка
Авторската отговорност Л. Н. Толстой; прев. Д. Стерев
Заглавие Изповедта на графа Л. Н. Толстой : Встъпвание към ненапечатано съчинение. - Русе : сп. Нар. учител, 1889 (Русе : скоропеч. Ст. Ив. Роглев)
505 ## - Форматирана забележка
Авторската отговорност Н. А. Соковнин; прев. от рус.
Заглавие Торове и наторявание на земята : Из "Земледелието" на Н. А. Соковнин. - Севлиево, 1890 (Севлиево : скоропеч. П. Мутафов и сие)
505 ## - Форматирана забележка
Авторската отговорност Натъкмени от Димитър Цанков Коцов
Заглавие Дидактически упътвания за народните учители. - Русе, 1890 (Русе : Спиро Гулабчев)
505 ## - Форматирана забележка
Авторската отговорност Стъкмил Спиро Константинов Гулабчев
Заглавие Един оглед по етнографията на Македония. - Габрово, 1887 (Габрово : печ. Н. Стойков и сие)
505 ## - Форматирана забележка
Авторската отговорност Е. К. Дружелюбов
Заглавие Тъгите ми : Стихотворения. - Габрово, 1886-1889 (Габрово : Н. Стойков и сие)
505 ## - Форматирана забележка
Авторската отговорност прев. П. Цачев
Заглавие Русский поет Александър Сергеевич Пушкин : Описание на живота му и основавание на паметника му в Москва през 1880 година 26-ий май. - София - Пловдив, 1891 (Печ. Единство)
650 #4 - Допълнително описание по предмет – тема
Основно описание – тема или топоним Научен комунизъм
9 (RLIN) 253121
653 ## - Ключова дума – ненормативна
Ключова дума научен комунизъм
659 ## - Тематичен бюлетин
Тематичен бюлетин Ц
700 1# - Други автори (авторска отговорност)
Лично име Дружелюбов
Автороска отговорност (Описва отношението между автора и произведението) прев. и предг.
Друга информация Дабев, Евтим
9 (RLIN) 65441
852 ## - Местоположение
Форматна сигнатура Рб 890
Фондова буква Редки и ценни
856 4# - Електронен адрес и достъп
Електронен формат pdf - файл
856 4# - Електронен адрес и достъп
Електронен формат pdf - файл
999 ## - СИСТЕМНИ КОНТРОЛНИ НОМЕРА
Koha biblionumber 135424
Koha biblioitemnumber 135424
942 ## - АРТИКУЛИ
Вид на библиотечния материал Книги
Скрит в OPAC Не
Периодичен библиозапис Да
944 ## - СЪЗДАВАНЕ И РЕДАКЦИЯ на ЗАПИСА
Създаване/Редакция Създаване
Дата на регистрацията/редакция 22.03.2013
Статус, дата на статуса ф / 22.03.2013
Служител, извършил регистрацията/редакцията Наталия_Медовщикова
944 ## - СЪЗДАВАНЕ И РЕДАКЦИЯ на ЗАПИСА
Създаване/Редакция Редакция
Дата на регистрацията/редакция 27.11.2014
Статус, дата на статуса ф / 22.03.2013
Служител, извършил регистрацията/редакцията Теодора_Стоянова
999 ## - СИСТЕМНИ КОНТРОЛНИ НОМЕРА
Koha biblioitemnumber 135424
999 ## - СИСТЕМНИ КОНТРОЛНИ НОМЕРА
Koha biblioitemnumber 135424
999 ## - СИСТЕМНИ КОНТРОЛНИ НОМЕРА
Koha biblioitemnumber 135424
999 ## - СИСТЕМНИ КОНТРОЛНИ НОМЕРА
Koha biblioitemnumber 135424
999 ## - СИСТЕМНИ КОНТРОЛНИ НОМЕРА
Koha biblioitemnumber 135424
Наличности
Код за отписване Код за изгубен артикул Източник на класификационната схема Код за повреда Коз за рестрикции Код за отдаване Артикулен № Име на библиотеката - собственик Име на библиотеката, в която се намира в момента Статус (Текущо местоположение) Дата на вписване в системата Местоположение - отдел Цена в лева Инвентарен номер Систематично азбучна сигнатура Баркод Номер на екземпляра Цена в евро Служебна бележка Служебен тип на артикула
  Не е изгубен Universal Decimal Classification Не е повреден само за читалня Специални фондове ( старопечатни, редки и ценни, фонд М. Арнаудов) 221391 Регионална библиотека "Любен Каравелов" Русе Регионална библиотека "Любен Каравелов" Русе Редки и ценни 1890-01-01 Редки и ценни 0.05 13129-а Рб 890 900000021040 1 0.03 Дост: DA N: стар фонд Дата: 01.01.1890 Дата инв: 02.04.2018 Бележки инв: Рц2018 Книги
  Не е изгубен Universal Decimal Classification Не е повреден само за читалня Специални фондове ( старопечатни, редки и ценни, фонд М. Арнаудов) 853790 Регионална библиотека "Любен Каравелов" Русе Регионална библиотека "Любен Каравелов" Русе Редки и ценни 2021-09-21 Редки и ценни 0.40 12063 Рб 890 900000064719   0.20   Книги
Vip Innovations Ltd, Rousse, Bulgaria 2025